000 00641nam a22002417a 4500
003 OSt
005 20220107122846.0
008 190114b xxu||||| |||| 00| 0 eng d
020 _a9780199489442
040 _cIIITMK
082 _a363.25968 DEJ/C;1
100 _aDejey
_915141
245 _aCyber forensics
_cDejey
260 _aNew Delhi,
_bOxford University Press,
_c2018.
300 _axvi, 486p.
650 _aCOMPUTER SCIENCE
_916792
650 _a CYBER SECURITY
_916793
650 _aCYBER LAWS
_916794
650 _a CYBER CRIME
_916795
650 _aCYBER FORENSICS
_916796
700 _aMurugan, S
_915142
942 _2ddc
_cBK
999 _c6302
_d6302